Central Library OPAC University of Rajshahi

Robust control theory in Hilbert space / (Record no. 54036)

MARC details
000 -LEADER
fixed length control field 00866nam a2200265 a 4500
001 - CONTROL NUMBER
control field 54036
003 - CONTROL NUMBER IDENTIFIER
rucl marc code BD-RjUL
005 - DATE AND TIME OF LATEST TRANSACTION
control field 20211209080050.0
008 - FIXED-LENGTH DATA ELEMENTS--GENERAL INFORMATION
fixed length control field 161031s1998 nyu b 001 0 eng
020 ## - INTERNATIONAL STANDARD BOOK NUMBER
International Standard Book Number 0387982914 (hc : alk. paper)
035 ## - SYSTEM CONTROL NUMBER
System control number (BD-RjUL)54158
040 ## - CATALOGING SOURCE
Original cataloging agency DLC
Transcribing agency DLC
Modifying agency BD-RjUL
Language of cataloging eng
041 ## - LANGUAGE CODE
Language code of text/sound track or separate title eng
082 00 - DEWEY DECIMAL CLASSIFICATION NUMBER
Classification number 515.642
Edition number 23
Author mark and year FER 1998
100 1# - MAIN ENTRY--PERSONAL NAME
Personal name Feintuch, Avraham.
9 (RLIN) 161345
245 10 - TITLE STATEMENT
Title Robust control theory in Hilbert space /
Statement of responsibility, etc. Avraham Feintuch.
260 ## - PUBLICATION, DISTRIBUTION, ETC. (IMPRINT)
Place of publication, distribution, etc. New York :
Name of publisher, distributor, etc. Springer,
Date of publication, distribution, etc. c1998.
300 ## - PHYSICAL DESCRIPTION
Pagination xv, 225 p. ;
Size 25 cm.
490 1# - SERIES STATEMENT
Series statement Applied mathematical sciences ;
Volume/sequential designation 130
504 ## - BIBLIOGRAPHY, ETC. NOTE
Bibliography, etc Includes bibliographical references and index.
650 #0 - SUBJECT ADDED ENTRY--TOPICAL TERM
Topical term or geographic name as entry element Control theory.
9 (RLIN) 161346
Topical term or geographic name as entry element Hilbert space.
9 (RLIN) 151077
830 #0 - SERIES ADDED ENTRY--UNIFORM TITLE
Uniform title Applied mathematical sciences (Springer-Verlag New York Inc.) ;
Volume number/sequential designation v. 130.
942 ## - ADDED ENTRY ELEMENTS (KOHA)
Source of classification or shelving scheme Dewey Decimal Classification
Koha item type Books
Holdings
Lost status Source of classification or shelving scheme Damaged status Not for loan Collection code Permanent Location Current Location Shelving location Date acquired Source of acquisition Cost, normal purchase price Total Checkouts Full call number Date last seen Copy number Koha item type
  Dewey Decimal Classification     Non-fiction Central Library, University of Rajshahi Central Library, University of Rajshahi   10/02/2008 Dhaka,Paragon Enterprise Lit., 99.00   515.642 FER 1998 31/10/2016 C-2 Books
  Dewey Decimal Classification   Not For Loan Non-fiction Central Library, University of Rajshahi Central Library, University of Rajshahi Reading Room 10/02/2008 Dhaka, Paragon Ent. 99.00   515.642 FER 1998 16/04/2017 C-1 Books